000 00392nam a2200169Ia 4500
999 _c10339
_d10339
003 OSt
005 20220314182650.0
008 220308s9999 xx 000 0 und d
020 _a9789881652911
082 _a717
_bIFE
100 _a Ifengspace Huanan 
245 0 _aGarden structure designs
260 _b ‎ Phoenix (1 March 2013)
365 _cUSD
365 _d38
942 _2ddc